000
00292nam a22001337a 4500
008
181016b xxu||||| |||| 00| 0 eng d
020
_a
9780132681605
041
_a
eng
080
_a
611
100
_a
6
101
_a
ANA
245
_a
Effective Training
_c
Blanchard.P.N
942
_2
udc
_c
BK
999
_c
49840
_d
49840